Exploitation and atrocities on the dalits in India / (Record no. 123090)

MARC details
000 -LEADER
fixed length control field 00748nam a22002537a 4500
003 - CONTROL NUMBER IDENTIFIER
control field 0
005 - DATE AND TIME OF LATEST TRANSACTION
control field 20180728172406.0
008 - FIXED-LENGTH DATA ELEMENTS--GENERAL INFORMATION
fixed length control field 0
010 ## - LIBRARY OF CONGRESS CONTROL NUMBER
LC control number B-160084
020 ## - INTERNATIONAL STANDARD BOOK NUMBER
Terms of availability 790.00
International Standard Book Number 8178352176
035 ## - SYSTEM CONTROL NUMBER
System control number B-160084, B-160085
037 ## - SOURCE OF ACQUISITION
Source of stock number/acquisition Cen Lib/Ret
040 ## - CATALOGING SOURCE
Original cataloging agency DPL
Language of cataloging EN
Transcribing agency 0
082 ## - DEWEY DECIMAL CLASSIFICATION NUMBER
Classification number 305.56
Item number MIS
100 ## - MAIN ENTRY--PERSONAL NAME
Personal name Mishra, Narayan
9 (RLIN) 4078
245 ## - TITLE STATEMENT
Title Exploitation and atrocities on the dalits in India /
Statement of responsibility, etc by Narayan Mishra
260 ## - PUBLICATION, DISTRIBUTION, ETC. (IMPRINT)
Place of publication, distribution, etc Delhi
Name of publisher, distributor, etc Kalpaz publications
Date of publication, distribution, etc 2004
270 ## - ADDRESS
Address C-30, Satyawati Nagar
City Delhi
Postal code 110052
300 ## - PHYSICAL DESCRIPTION
Extent 365p.
Dimensions 21cm(Hb)
500 ## - GENERAL NOTE
General note Includes bibliography reference and index
650 ## - SUBJECT ADDED ENTRY--TOPICAL TERM
Topical term or geographic name as entry element Social science
9 (RLIN) 80941
650 ## - SUBJECT ADDED ENTRY--TOPICAL TERM
Topical term or geographic name as entry element Dalits -India
9 (RLIN) 4080
942 ## - ADDED ENTRY ELEMENTS (KOHA)
Source of classification or shelving scheme Dewey Decimal Classification
Koha item type English Books
Classification part 305.56
Call number suffix MIS
Holdings
Withdrawn status Lost status Damaged status Not for loan Home library Current library Date acquired Source of acquisition Cost, normal purchase price Total Checkouts Full call number Barcode Date last seen Copy number Cost, replacement price Price effective from Koha item type Source of classification or shelving scheme Collection code
        Central Library Central Library 02/06/2015 Cen Lib/Ret 790.00   305.56 MIS B-160084 02/06/2015 1 790.00 02/06/2015 English Books    
        Patel Nagar Patel Nagar 28/07/2018 BPPD/PUB 790.00   305.56 MIS B-160085 28/07/2018   790.00 28/07/2018 English Books Dewey Decimal Classification Non-fiction

© Delhi Public Library
Hit Counter
free hit counter